Statistics for Top Scorer at Every Rugby World Cup

Click here to take the quiz!

General Stats

  • This quiz has been taken 5 times
  • The average score is 2 of 9

Answer Stats

YearPlayerCountryTriesConversionsPenaltiesDrop GoalsTotal% Correct
2003Jonny WilkinsonEngland010238113
80%
2019Handré PollardSouth Africa0916169
60%
2015Nicolás SánchezArgentina11320297
40%
1987Grant FoxNew Zealand030211126
20%
1999Gonzalo QuesadaArgentina03311102
0%
2011Morné SteynSouth Africa2147162
0%
2007Percy MontgomerySouth Africa222170105
0%
1993Ralph KeyesIreland0716268
0%
1995Thierry LacroixFrance47260112
0%

Score Distribution

Percentile by Number Answered

Percent of People with Each Score

Your Score History

You have not taken this quiz